00975nam a2200289Ia 450000500170000000800370001702000180005404100080007210000290008024500440010925000220015330000250017549000360020050000520023665000400028865000420032865000400037065000400041065000370045065000330048726400310052033600270055133700330057833800280061104000350063908400110067420220317001756.0170328s2013 c g 000 p s a9789588794099 aspa1 aRoca, Juan Manueld1946-10aTres caras de la lunacJuan Manuel Roca aPrimera edición a148 páginasc21 cm aSílabas del viento : Poesía aIncluye datos biográficos del autor en solapa142LEMBaPoesía colombianaySiglo XX142LEMBaLiteratura colombianaySiglo XX142LEMBaSentimientos en la literatura142LEMBaCotidianidad en la literatura142LEMBaEmociones en la literatura142LEMBaNoche en la literatura aMedellínbSílabac2013 atextobtxt2rdacontent asin mediaciónbn2rdamedia avolumenbnc2rdacarrier aCO-BoRNBPbspaerdacCO-BoRNBP aP ROC4